| 000 | 01035cam a2200229 4500 | ||
|---|---|---|---|
| 001 | ABS63779 | ||
| 008 | 000000n2001 000 0 eng u | ||
| 035 | _a(Sirsi) u111846 | ||
| 245 | _aAlternative land use | ||
| 260 | _c2001 | ||
| 490 |
_aFarm Development Review _v15(2) December 2000, (8) LOAN |
||
| 520 | _aLooks at the grounds and gardens maintenance business, focusing on the Countrywide Group, which began franchising the maintenance of ground for companies and public bodies in 1986. Also discusses toll rides on farm land, currently confined to a just a few areas in the UK. Finally, looks at the alternative crop miscanthus, suggesting that despite its high establishment costs, it is worth consideration by farmers in the South of England. | ||
| 590 | _aABS | ||
| 650 | _aGROUNDS MAINTENANCE | ||
| 650 | _aGARDENS | ||
| 650 | _aBUILT ENVIRONMENT-BUILDING MAINTENANCE AND REFURBISHMENT | ||
| 650 | _aALTERNATIVE CROPS | ||
| 650 | _aTOLL RIDES | ||
| 650 | _aMISCANTHUS | ||
| 690 |
_aRURAL _96268 |
||
| 942 | _n0 | ||
| 999 |
_c66653 _d66653 |
||